Novela zákona o verejnom obstarávaní

Základné princípy a východiská novely zákona o verejnom obstarávaní.

Na minha lista:
Detalhes bibliográficos
Autor principal: Strapáč, Peter
Formato: Capítulo de Livro
Idioma:eslovaco
Assuntos:
Tags: Adicionar Tag
Sem tags, seja o primeiro a adicionar uma tag!

MARC

LEADER 00000naa a2200000 4500
001 0170068
005 20231208082942.3
041 0 |a slo 
044 |a SK 
245 1 0 |a Novela zákona o verejnom obstarávaní  |c Peter Strapáč 
520 |a Základné princípy a východiská novely zákona o verejnom obstarávaní. 
610 2 0 |a zákony 
610 2 0 |a Slovensko 
610 2 0 |a novelizácia 
610 2 0 |a obstarávanie verejné 
100 1 |a Strapáč, Peter